000
00326nam a2200133Ia 4500
008
191206s9999 xx 000 0 und d
020
_a
9.78178E+12
090
_a
MLCS00628(P)
245
0
_a
Laughing now
260
_a
Weaver Press
260
_c
c2007
300
_a
"x i, 110 p. ; 21 cm."
999
_c
16336
_d
16336